| 000 | 00737nam a2200205 a 4500 | ||
|---|---|---|---|
| 005 | 20240209120654.0 | ||
| 008 | 070827s2000 mx r 000 0 spa d | ||
| 020 | _a968496420X | ||
| 035 | _aUPN01000151482 | ||
| 049 | _aI | ||
| 050 | 4 |
_aPN6377 M3.9 _bV6.2 |
|
| 245 | 0 | 0 |
_aVoces de colores Na'at le ba'ala paalen : _badivina iluminando : colorín color mayas [sic] / _crecop. y tr. Fidencio Briceño Chel ; il. José Antonio Flores Farfán. |
| 260 |
_aMéxico : _bINI : _bCIESAS, _c2000. |
||
| 300 |
_a41 p. : _bil. |
||
| 650 | 4 |
_aAdivinanzas mayas _98805 |
|
| 650 | 4 |
_aMaya _xEstudio y enseñanza (Elemental) _94282 |
|
| 650 | 4 |
_aLIBROS INFANTILES PARA ILUMINAR _98836 |
|
| 700 | 1 |
_aBriceño Chel, Fidencio, _ecomp. |
|
| 905 | _aInfantil | ||
| 999 |
_c123618 _d123618 |
||